000 00211nam a2200109Ia 4500
100 _aMARSDEN
942 _cBK
245 _aHOW TO EXECCUTIVES MAKE DECISION
260 _b#N/A
546 _aENGLISH
999 _c33637
_d33637